Documento que habla sobre lo sucedido en la invasión que hicieron los colegiales de Santo Domingo contra la Procuración y sus habitantes. (Record no. 4864)

MARC details
000 -CABECERA
campo de control de longitud fija 00840nam a2200217 a 4500
001 - NÚMERO DE CONTROL
campo de control BRCA_5170
005 - FECHA Y HORA DE LA ÚLTIMA TRANSACCIÓN
campo de control 20190320204953.0
008 - DATOS DE LONGITUD FIJA--INFORMACIÓN GENERAL
campo de control de longitud fija 241110c--------ag-#######---#000-0#----#
041 ## - CÓDIGO DE LENGUA
Código de lengua del texto/banda sonora o título independiente spa
044 ## - CÓDIGO DEL PAÍS DE LA ENTIDAD EDITORA/PRODUCTORA
Código MARC del país mx
084 ## - OTRO NÚMERO DE CLASIFICACIÓN
Número de clasificación DOC119A
Número de documento/Ítem .D63
-- [17-?]
245 10 - MENCIÓN DE TÍTULO
Título Documento que habla sobre lo sucedido en la invasión que hicieron los colegiales de Santo Domingo contra la Procuración y sus habitantes.
260 ## - PUBLICACIÓN, DISTRIBUCIÓN, ETC.
Lugar de publicación, distribución, etc. México
Fecha de publicación, distribución, etc. 17-?
300 ## - DESCRIPCIÓN FÍSICA
Extensión [4] fojas
Dimensiones 29 x 19 cm.
500 ## - NOTA GENERAL
Nota general El documento contiene la leyenda DOC. #284.
500 ## - NOTA GENERAL
Nota general Estado de conservación: contiene roturas en el margen superior y pequeñas manchas por acidez.
506 0# - NOTA DE RESTRICCIONES AL ACCESO
Limitaciones de acceso Fondo Reservado. Para su consulta es necesario credencial de usuario y carta de motivos.
651 #4 - PUNTO DE ACCESO ADICIONAL DE MATERIA--NOMBRE GEOGRÁFICO
Nombre geográfico México
Subdivisión general Historia
Subdivisión geográfica Colonia, 1521-1821
9 (RLIN) 13228
902 ## - CATALOGADOR
Iniciales FDH
942 ## - ELEMENTOS DE PUNTO DE ACCESO ADICIONAL (KOHA)
Fuente del sistema de clasificación o colocación Library of Congress Classification
Tipo de ítem Koha Documentos
Holdings
Estado de retiro Estado de pérdida Estado dañado No para préstamo Localización permanente Ubicación/localización actual Fecha de adquisición Total de préstamos Signatura topográfica completa Código de barras Fecha visto por última vez Precio válido a partir de Tipo de ítem Koha
El ejemplar forma parte de la colección y puede ser consultado según las políticas vigentes.       Biblioteca del Museo Franz Mayer (Rogerio Casas-Alatriste) Biblioteca del Museo Franz Mayer (Rogerio Casas-Alatriste) 24/11/2010   DOC119A .D63 [17-?] 5514 22/03/2019 22/03/2019 Documentos